Logos de partis politiques français - Statistiques

Statistiques générales
  • Ce quiz a été pris 28 455 fois
  • Le résultat moyen est 9 sur 16
Statistiques - réponses
Par images Réponse % Correct
Rassemblement national
97%
Les Républicains
94%
La France insoumise
89%
Les Ecologistes
86%
Parti socialiste
86%
Reconquête
74%
Renaissance
72%
Parti animaliste
63%
Parti communiste français
60%
Nouveau Parti anticapitaliste
36%
Lutte ouvrière
35%
Parti pirate
29%
Horizons
15%
Debout la France
11%
Résistons !
9%
Parti radical de gauche
5%
Aucun quiz correspondant
Distribution des résultats
% des personnes avec chaque résultat
Percentile par nombre de réponses
Votre historique - résultats
Vous n’avez pas pris ce quiz